000
00282nam a22001097a 4500
999
_c
64868
_d
64865
082
_a
697.16 ع ب د
100
_a
مولانا ابو محمد
245
_a
تفسیر فتح المنان تفسیر حقا نی
260
_a
کراچی
_c
۱۹۹۳
300
_a
۶۰۴
942
_c
BK